Building surveys (Record no. 114941)
[ view plain ]
| 000 -LEADER | |
|---|---|
| fixed length control field | 01266cam a22002295a 4500 |
| 001 - CONTROL NUMBER | |
| control field | L157734 |
| 008 - FIXED-LENGTH DATA ELEMENTS--GENERAL INFORMATION | |
| fixed length control field | 130419s2013 xxk f 000 0 eng d |
| 020 ## - INTERNATIONAL STANDARD BOOK NUMBER | |
| International Standard Book Number | 978041563584 |
| 035 ## - SYSTEM CONTROL NUMBER | |
| System control number | (Sirsi) u157734 |
| 041 0# - LANGUAGE CODE | |
| Language code of text/sound track or separate title | eng |
| 050 04 - LIBRARY OF CONGRESS CALL NUMBER | |
| Classification number | 690.2 $2 18 |
| 100 1# - MAIN ENTRY--PERSONAL NAME | |
| Personal name | Glover, Peter |
| 245 00 - TITLE STATEMENT | |
| Title | Building surveys |
| 250 ## - EDITION STATEMENT | |
| Edition statement | 8th edition |
| 260 ## - PUBLICATION, DISTRIBUTION, ETC. | |
| Place of publication, distribution, etc. | Oxford |
| Name of publisher, distributor, etc. | Routledge |
| Date of publication, distribution, etc. | 2013 |
| 300 ## - PHYSICAL DESCRIPTION | |
| Extent | xxvii, 346p |
| Dimensions | 25cm |
| 520 ## - SUMMARY, ETC. | |
| Summary, etc. | Focuses on the practical knowledge, techniques and equipment required to inspect and report on buildings accurately. Looks at foundations, walls, floors, roofs and chimneys, joinery and woodwork, finishes and surfaces. Considers modern methods of construction and recent initiatives aimed at improving the energy efficiency of properties including, solar panels, wind turbines and photovoltaic pumps. Covers all types of buildings including non-residential, flats and apartments, older residential properties, leasehold and new build and buildings under construction. Dilapidations, building conservation, the role of the expert witness are also included. Discusses recent case law and includes a glossary of terms used in building surveying. |
| 590 ## - LOCAL NOTE (RLIN) | |
| Local note | KA |
| 651 #4 - SUBJECT ADDED ENTRY--GEOGRAPHIC NAME | |
| Geographic name | United Kingdom |
| Chronological subdivision | |
| 690 ## - LOCAL SUBJECT ADDED ENTRY--TOPICAL TERM (OCLC, RLIN) | |
| Topical term or geographic name as entry element | Building surveys |
| 942 ## - ADDED ENTRY ELEMENTS (KOHA) | |
| Suppress in OPAC | 0 |
| Withdrawn status | Lost status | Source of classification or shelving scheme | Damaged status | Not for loan | Home library | Current library | Shelving location | Date acquired | Total Checkouts | Full call number | Barcode | Date last seen | Copy number | Price effective from | Koha item type |
|---|---|---|---|---|---|---|---|---|---|---|---|---|---|---|---|
| Dewey Decimal Classification | London | London | Books | 19/04/2013 | 690.2 | 30078233 | 06/08/2019 | 1 | 06/08/2019 | Book |